| 000 -УДИРДЛАГА |
| Удирдлага |
01824nam a22004457a 4500 |
| 003 - ХЯНАЛТЫН ТОО ТОДОРХОЙЛОГЧ |
| Код |
MN-UlNUM |
| 005 - БИЧИЛТ ХИЙСЭН ОГНОО |
| Тухайн бичилтийг бичсэн засварласан сүүлийн огноо |
20260109215901.0 |
| 008 - ЕРӨНХИЙ МЭДЭЭЛЭЛ |
| Ерөнхий мэдээлэл |
140513s2007 maua b 000 0 eng |
| 020 ## - ISBN |
| ISBN |
0073135747 |
| -- |
9780073135748 |
| 040 ## - БИЧЛЭГ ҮҮСГЭГЧ БАЙГУУЛЛАГА |
| Бичлэг үүсгэгч номын сангийн код |
МУИС-ийн номын сан |
| 084 ## - ББК АНГИЛАЛ |
| Нэмэлт тусгалт |
Бусад |
| ББК ангилал |
66.3(7)6 |
| Зохиогчийн гурван тэмдэгт |
R 46 |
| Мэдлэгийн ялгаа |
6 - Нийгэм |
| 245 1# - ҮНДСЭН ГАРЧИГ |
| Номын нэр |
Rethinking the color line |
| Бага гарчгийн мэдээ |
Readings in race and ethnicity |
| Оролцогчдын тухай мэдээ |
[edited by] Charles A. Gallagher |
| 250 ## - ДАХИН ХЭВЛЭЛТ |
| Дахин гаралтын дугаар |
3rd ed. |
| 260 ## - ГАРАЛТЫН МЭДЭЭ |
| Хэвлэгдсэн газар |
Boston |
| Хэвлэлийн газар |
McGraw-Hill |
| Хэвлэгдсэн он |
2007 |
| 300 ## - МАТЕРИАЛЫН ТОДОРХОЙЛОЛТ |
| хуудасны тоо |
xxiii, 616 p. |
| Бусад тоон мэдээлэл |
ill. |
| Хэмжээ |
24 cm. |
| 500 ## - Тайлбар |
| Дансны дугаар |
БС 6095 |
| 546 ## - ХЭЛНИЙ ТУХАЙ МЭДЭЭ |
| Хэл |
Англи хэл дээр, |
| 653 ## - Түлхүүр үг |
| Түлхүүр үг |
united states-race relations |
| 653 ## - Түлхүүр үг |
| Түлхүүр үг |
united states-ethnic relations |
| 653 ## - Түлхүүр үг |
| Түлхүүр үг |
minorities-civil rights-united states |
| 700 1# - ХАМ ЗОХИОГЧИД |
| Ба бус |
Gallagher, Charles A. |
| Dates associated with a name |
1962- |
| Fuller form of name |
(Charles Andrew) |
| 740 ## - НОМЫН ГАРЧИГ |
| Гарчиг |
Sorting by Color: Why We Attach Meaning to Race |
| 740 ## - НОМЫН ГАРЧИГ |
| Гарчиг |
Race and Ethnicity: Sociohistoric Constructions and… |
| 740 ## - НОМЫН ГАРЧИГ |
| Гарчиг |
Race as Chameleon: How the Idea of Race Changes Over Time and Place |
| 740 ## - НОМЫН ГАРЧИГ |
| Гарчиг |
Colorblind America: Fact, Fantasy or Our Future? |
| 740 ## - НОМЫН ГАРЧИГ |
| Гарчиг |
Prejudice, Discrimination and Racism |
| 740 ## - НОМЫН ГАРЧИГ |
| Гарчиг |
Understanding Racism |
| 740 ## - НОМЫН ГАРЧИГ |
| Гарчиг |
How Space Gets Raced |
| 740 ## - НОМЫН ГАРЧИГ |
| Гарчиг |
Racialized Opportunity in Social Institutions |
| 740 ## - НОМЫН ГАРЧИГ |
| Гарчиг |
Race and Criminal Justice: Oxymoron or an American Tragedy? |
| 740 ## - НОМЫН ГАРЧИГ |
| Гарчиг |
Race, Representations and the Media-Drug Dealers, Maids and Mammies: The Role of Stereotypes in the Media |
| 740 ## - НОМЫН ГАРЧИГ |
| Гарчиг |
Crazy Horse Malt Liquor and Athletes: The Tenacity of Stereotypes |
| 740 ## - НОМЫН ГАРЧИГ |
| Гарчиг |
How America’s Complexion Changes |
| 740 ## - НОМЫН ГАРЧИГ |
| Гарчиг |
Race, Ethnicity, and Immigration |
| 740 ## - НОМЫН ГАРЧИГ |
| Гарчиг |
Race and Romance: Blurring Boundaries |
| 740 ## - НОМЫН ГАРЧИГ |
| Гарчиг |
Living With Less Racism: Strategies for Individual Action |
| 942 ## - ЭЛЕМЕНТИЙН ТӨРӨЛ |
| Зүйлийн төрөл |
Ном |